000 00301nam a22001337a 4500
008 171017b xxu||||| |||| 00| 0 eng d
020 _a0030701899
041 _aeng
080 _23RD
_a330.101.542
100 _a52
101 _aMIK
245 _aMICROECONOMIC THEORY
_cNICHOLSON.W
942 _2udc
_cBK
999 _c34455
_d34455